00700cam a22002175a 450000100100000000500170001000800410002704000260006808200170009410000290011124500720014025000120021226000380022430000340026250000240029665100100032065300300033094200080036099900170036895200970038501093839920201124142135.0741222s1960 enka fr 001 0 eng d aUkcUkbengdEG-ScBUE04a330222bHIC1 aHicks, John,d1904-1989.14aThe social framework :ban introduction to economics /cJ. R. Hicks a3rd ed. aOxford :bClarendon Press,c1960. axii, 272 p. :bill. ;c18 cm. aIndex : p. 270-272. 2BUEsh bGGENbBUSECOcJanuary2018 2ddc c25850d25822 00102ddc4070aMAINbMAINc1STd2018-01-04l0o330 HICp000047082r2025-07-15 00:00:00yBB